00601nam a2200205Ia 4500003000400000005001700004008004100021020001900062040000700081041000800088082001600096100001800112245002800130260003800158300000900196650002700205942001300232999001900245952013100264OSt20250823112433.0250729s2004 xx 000 0 und d a978-8176480642 cAL aeng a372.28 NASE aNasir9222020 aEnvironmental education aNew DelhibA P H Publishingc2004 a234p aEnviournmental9222021 2ddccBED c235270d235270 00104070aALbALd2025-07-29eSita Book Houseg150.00l0o372.28 NASEpBED00589r2025-07-29 16:53:52v150.00w2025-07-29yBK